BIBLIOTHÈQUE DE LA MAISON DU MEXIQUE

Logo 1 Logo 2

Intención franciscana de evangelizar entre los mayas rebeldes (Registro nro. 11134)

Detalles MARC
000 -Sello discográfico
campo de control de longitud fija 01036nam a2200325 4500
005 - Identificación de versión
campo de control 20251016085051.0
010 ## - Número Estándar Internacional de Libros (ISBN)
Número (ISBN) 970-18-7327-0
035 ## - Otros números de control del sistema
Número de control del sistema 31671
099 ## - fechas locales
Tipo de ítem Koha LIBRO
100 ## - Datos de procesamiento general
Datos de procesamiento general 20000918d2001 m y1spay5003 ba
105 ## - Campo de datos codificados: Material textual, monográfico
Datos codificados de monografía a 001zy
200 1# - Título y mención de responsabilidad
Título propio Intención franciscana de evangelizar entre los mayas rebeldes
Designación general del material texto impreso
Primer mención de responsabilidad José Manuel A. Chávez Gómez
205 ## - Declaración de edición
Declaración de edición 1a ed
210 ## - Publicación, distribución, etc.
Lugar de publicación, distribución, etc. México
Nombre del editor, distribuidor, etc. Consejo Nacional para la Cultura y las Artes
Fecha de publicación, distribución, etc. 2001
215 ## - Descripción física
Designación de material específico y extensión del ítem 419 p
Otras características físicas il.
Dimensiones 21 cm
300 ## - Notas generales
Texto de la nota Incluye bibliografía p.395-409
345 ## - Nota de información de adquisición
Fuente de adquisición/dirección de la suscripción [OBSOLETO] Donación
410 #1 - Series
Título Regiones
606 ## - Término temático usado como materia
Elemento de entrada Franciscanos en Yucatán
Número Koha 14792
606 ## - Término temático usado como materia
Elemento de entrada Mayas
Subdivisión temática Misiones
Número Koha 17772
700 ## - Nombre personal - Responsabilidad primaria
Elemento de entrada Chávez Gómez
Parte del nombre distinta del elemento de entrada José Manuel A
Número Koha 17773
801 #0 - Fuente de origen
Agencia cm
856 ## - Localización electrónica y acceso
Identificador Uniforme de Recurso https://inah.academia.edu/ManuelChavezGomez
900 ## -
-- 1/712
900 ## -
-- 7100012494\180900
942 ## - ELEMENTOS DE ENTRADA SECUNDARIOS (KOHA)
Tipo de ítem Koha Libro
996 ## -
-- MEX
-- 751145101
-- MMAG
-- 005225
-- 917.2 R336 V.26
-- 20210721LIV
Existencias
Estatus retirado Estado de daño Estado de pérdida Fecha de adquisición Biblioteca de origen Biblioteca actual Ubicación en estantería Código de barras Precio de reemplazo Signatura topográfica completa No para préstamo Tipo de ítem Koha Nota pública Nota no pública
      05/08/2025 Casa México Paris Casa México Paris   005225 05/08/2025 917.2 R336 V.26   Libro 20210721LIV 751145101